| 000 | 02875cam a22005534i 4500 | ||
|---|---|---|---|
| 003 | PE-LiUPU | ||
| 005 | 20250731172840.0 | ||
| 008 | 160525s2012 ilu r 001 0 eng d | ||
| 020 |
_a0830839631 _q(pbk. ; _qalk. paper) |
||
| 020 |
_a9780830839636 _q(pbk. ; _qalk. paper) |
||
| 035 | _a(Sirsi) i9780830839636 | ||
| 040 |
_aDLC _bspa _cDLC _dYDX _dBTCTA _dYDXCP _dBDX _dLNT _dBWX _dSGB _dCDX _dITC _dOCLCF _dOCLCQ _dCHVBK _dOCLCQ _dPE-LiUPU _erda |
||
| 049 | _aPRUA | ||
| 050 | 0 | 0 |
_aBS476 _b.B4945 2012 |
| 082 | 0 | 0 |
_a220.601 _bB5 _223 |
| 245 | 0 | 0 |
_aBiblical hermeneutics : _bfive views / _cedited by Stanley E. Porter & Beth M. Stovell ; with contributions by Craig L. Blomberg [y otros cuatro]. |
| 264 | 1 |
_aDowners Grove, Illinois : _bIVP Academic, _c2012. |
|
| 300 |
_a224 páginas ; _c23 centímetros. |
||
| 336 |
_atext _2rdacontent |
||
| 337 |
_aunmediated _2rdamedia |
||
| 338 |
_avolume _2rdacarrier |
||
| 490 | 0 | _aSpectrum multiview books | |
| 504 | _aÍndice : páginas 213-224. | ||
| 505 | 0 | 0 | _atIntroduction : trajectories in biblical hermeneutics -- Stanley E. Porter and Beth M. Stovell --Five views of biblical hermeneutics -- The historical-critical/grammatical view -- Blomberg -- The literary/postmodern view -- The philosophical/theological view -- The redemptive-historical view -- The canonical view -- Responses -- The historical-critical/grammatical response -- The literary/postmodern response -- The philosophical/theological response -- The redemptive-historical response -- The canonical response -- Interpreting together : synthesizing five views of biblical hermeneutics. |
| 526 | _aSEG42 | ||
| 526 | _aSEG41 | ||
| 526 | _aSEG40 | ||
| 526 | _aSEG39 | ||
| 526 | _aP94 | ||
| 526 | _aP87 | ||
| 526 | _aP86 | ||
| 526 | _aP85 | ||
| 526 | _aP77 | ||
| 526 | _aP76 | ||
| 526 | _aP35 | ||
| 650 | 0 | 4 | _aHermenéutica bíblica. |
| 700 | 1 |
_aBlomberg, Craig, _econtribuidor. |
|
| 700 | 1 |
_aPorter, Stanley E., _eeditor. |
|
| 700 | 1 |
_aStovell, Beth M., _eeditor. |
|
| 910 |
_ajck _bjck _cjck _d20160525 |
||
| 942 |
_2ddc _cBOOK |
||
| 949 |
_a220.601 B5 _wDEWEY _c1 _i73121 _d2017-1-3 _e2017-1-3 _kCHECKEDOUT _lCCODEBUL1 _mBUL _n3 _p10.00 _rM _sY _tBOOK _u2016-5-25 _xTEOLOGIA _PP85 _0COMPRA _o.STAFF. Posgrado |
||
| 949 |
_a220.601 B5 _wDEWEY _c2 _i73122 _d2016-8-25 _e2016-8-25 _mBUL _n3 _p10.00 _r0 _sY _tBOOK _u2016-5-25 _xPOSGRADO _PP85 _0COMPRA _o.STAFF. Posgrado |
||
| 994 |
_aC0 _bPEPRU |
||
| 596 | _a1 | ||
| 999 |
_a220.601 B5 _wDEWEY _c9530 _i73121 _d9530 _e2017-7-25 _f2021-11-9 _g5 _lCCODEBUL1 _mBUL _n5 _p10.00 _q3 _r0 _sY _tBOOK _u2016-5-25 _xTEOLOGIA _PP85 _0COMPRA _o.STAFF. Colección Teología |
||
| 999 |
_a220.601 B5 _wDEWEY _c2 _i73122 _d2016-8-25 _e2016-8-25 _lLOST _mBUL _n3 _p10.00 _r1 _sY _tBOOK _u2016-5-25 _xTEOLOGIA _PP85 _0COMPRA _o.STAFF. Posgrado |
||
| 980 |
_81 _gALBERTO SANCHEZ Responsable de Automatización |
||